Movies Quiz

Random Movies or Actress Quiz

Movie Heroines by Quote Quiz Stats

Quiz Updated Oct 10, 2016

Also try: 5-Star Actresses
Challenge
Share
Tweet
Embed
Score 0/20 Timer 06:00
5 Plays Today
% Correct
Dorothy Gale
96.1%
Princess Leia Organa
93.9%
Mary Poppins
90.5%
Hermione Granger
89.6%
Katniss Everdeen
89.1%
Sarah Connor
81.6%
Clarice Starling
77.9%
Mathilda
77.5%
Bridget Jones
77.2%
Erin Brockovich
74%
% Correct
Elle Woods
65.8%
Elizabeth Swann
65.6%
Scarlett O'Hara
65.6%
Cady Heron
61.9%
Rose DeWitt Bukater
58.5%
Ellen Ripley
58.3%
Cher Horowitz
57.9%
Ilsa Lund
55.4%
Mia Wallace
51.3%
Lisbeth Salander
45.5%

You're not logged in!

Compare scores with friends on all Sporcle quizzes.
Join for Free
OR
Log In

You Might Also Like...

Show Comments

Extras

Top Quizzes Today


Score Distribution

Your Account Isn't Verified!

In order to create a playlist on Sporcle, you need to verify the email address you used during registration. Go to your Sporcle Settings to finish the process.

Report this User

Report this user for behavior that violates our Community Guidelines.

Details: